000 00479nam a22001697a 4500
005 20251108170000.0
008 250721s1995 xx 000 0 ara d
082 1 4 _aق/خضي
100 1 _aخضير، محمد
245 1 0 _aرؤيا خريف :
_bقصص /
264 1 _aعمان :
_bدار أزمنه للنشر و التوزيع،
_c1995.
300 _a131ص
650 1 7 _aالأدب العربي
650 1 7 _aالأدب القصصي
942 _2ddc
_cBK
999 _c36556
_d36556